Score 0/18 Timer 03:00
0 Plays Today
TV Show Answer % Correct
_____ It to BeaverLeave
94.6%
Dennis the ______Menace
94.1%
______: Dead or AliveWanted
93.8%
______ Knows BestFather
88.8%
What's My ____?Line
80.1%
Flash ______Gordon
78.4%
How to Marry a ___________Millionaire
77.7%
My ______ FlickaFriend
76.3%
77 Sunset _____Strip
76.3%
TV Show Answer % Correct
Have ___ Will TravelGun
71.3%
The ____ and Legend of Wyatt EarpLife
52%
_____ Valley DaysDeath
47%
_____ TrainWagon
40.9%
Our Miss ______Brooks
36.8%
Sea ____Hunt
35.6%
Adventures of _____ BowieJim
33.2%
Colgate ______ HourComedy
29.9%
The Man Behind the _____Badge
7.1%

Today's Daily Dose

You're not logged in!

Compare scores with friends on all Sporcle quizzes.
OR
Log In

Sporcle TV

Today on Sporcle TV


Watch our educational content, quiz creation guides, and fun videos on Sporcle TV.

Show Comments

Extras

Top Quizzes Today


Score Distribution

Paid Content

Your Account Isn't Verified!

In order to create a playlist on Sporcle, you need to verify the email address you used during registration. Go to your Sporcle Settings to finish the process.

Report this User

Report this user for behavior that violates our Community Guidelines.

Details: